书目信息 |
| 题名: |
建筑施工现场管理手册
|
|
| 作者: | 苏振民 编 | |
| 分册: | ||
| 出版信息: | 武汉 中国建材工业出版社 1998.10 |
|
| 页数: | 303页 | |
| 开本: | 32开 | |
| 丛书名: | ||
| 单 册: | ||
| 中图分类: | TU721-62 | |
| 科图分类: | ||
| 主题词: | 建筑工程--施工组织 , 建筑工程--施工计划 | |
| 电子资源: | ||
| ISBN: | 7-80090-763-5 | |
| 000 | 00621nam0 2200205 45 | |
| 001 | 0007220823 | |
| 005 | 20000722084403.8 | |
| 010 | @a7-80090-763-5@d18.00元 | |
| 100 | @a20000722d1998 km y0chiy0120 ea | |
| 101 | 0 | @achi |
| 105 | @a z 000yy | |
| 200 | 1 | @a建筑施工现场管理手册@AJian Zhu Shi Gong Xian Chang Guan Li Shou Ce@f苏振民 编@FSu Zhen Min Bian |
| 210 | @a武汉@c中国建材工业出版社@d1998.10 | |
| 215 | @a303页@d32开 | |
| 606 | 0 | @a建筑工程@x施工组织 |
| 606 | 0 | @a建筑工程@x施工计划 |
| 690 | @aTU721-62@v3 | |
| 701 | 0 | @a苏振民@4编 |
| 801 | @aCN@bPftUser@c20000722 | |
| 905 | @b73953-962@dTU721-62@eS545/1@f10 | |
| 建筑施工现场管理手册/苏振民 编.-武汉:中国建材工业出版社,1998.10 |
| 303页;32开 |
| ISBN 7-80090-763-5:18.00元 |
| ● |
| 相关链接 |
|
|
|
正题名:建筑施工现场管理手册
索取号:TU721-62/S545/1
 
预约/预借
| 序号 | 登录号 | 条形码 | 馆藏地/架位号 | 状态 | 备注 |
| 1 | 73953 | 200739530 | 自科二线404/404自科库 11排4列2层/ [索取号:TU721-62/S545/1] | 在馆 | |
| 2 | 73954 | 200739549 | 建筑库201/201建筑库 29排1列4层/ [索取号:TU721-62/S545/1] | 在馆 | |
| 3 | 73955 | 200739558 | 自科二线404/404自科库 11排4列2层/ [索取号:TU721-62/S545/1] | 在馆 | |
| 4 | 73956 | 200739567 | 建筑库201/201建筑库 29排1列4层/ [索取号:TU721-62/S545/1] | 在馆 | |
| 5 | 73957 | 200739576 | 建筑库201/201建筑库 29排1列4层/ [索取号:TU721-62/S545/1] | 在馆 | |
| 6 | 73958 | 200739585 | 建筑库201/201建筑库 29排1列4层/ [索取号:TU721-62/S545/1] | 在馆 | |
| 7 | 73959 | 200739594 | 自科二线404/404自科库 11排4列2层/ [索取号:TU721-62/S545/1] | 在馆 | |
| 8 | 73960 | 200739601 | 建筑库201/201建筑库 29排1列4层/ [索取号:TU721-62/S545/1] | 在馆 | |
| 9 | 73961 | 200739610 | 建筑库201/201建筑库 29排1列4层/ [索取号:TU721-62/S545/1] | 在馆 | |
| 10 | 73962 | 200739629 | 建筑库201/201建筑库 29排1列4层/ [索取号:TU721-62/S545/1] | 在馆 |